[Event "Barcelona Vila de Grаcia op 16th"]
[Site "Barcelona"]
[Date "2022.09.30"]
[Round "1"]
[White "Valenzuela Gomez, Fernando Alberto"]
[Black "Gomez Zepeda, Jesus Daniel"]
[Result "1-0"]
[WhiteElo "2362"]
[BlackElo "1659"]
[PlyCount "65"]
[EventDate "2022.09.30"]
[EventType "swiss"]
[EventRounds "9"]
[EventCountry "ESP"]
[SourceTitle "EXT 2024"]
[Source "ChessBase"]
[SourceDate "2023.10.10"]
[SourceVersion "1"]
[SourceVersionDate "2023.10.10"]
[SourceQuality "1"]

1. e4 d5 2. exd5 Qxd5 3. Nc3 Qa5 4. d4 c6 5. Bd2 Nf6 6. Bc4 Bf5 7. Qe2 Qc7 8. 0-0-0 e6 9. Nf3 Be7 10. Nh4 Bg6 11. f4 Bh5 12. Nf3 Nbd7 13. h3 Bxf3 14. Qxf3 0-0-0 15. f5 Nb6 16. Bb3 Rxd4 17. fxe6 fxe6 18. Bxe6+ Kb8 19. Ne2 Rdd8 20. Bb3 Qc8 21. Rhe1 Nbd5 22. Nf4 Bc5 23. Ne6 Bb6 24. c4 Rde8 25. Nxg7 Ne3 26. Bxe3 Bxe3+ 27. Rxe3 Rxe3 28. Qxe3 Nd7 29. Ne6 Nb6 30. Qe5+ Ka8 31. Nc7+ Kb8 32. Ne8+ Ka8 33. Qxh8 1-0